[Event "British Columbia-op"]
[Site "Richmond"]
[Date "2016.02.06"]
[Round "2.11"]
[White "Horiachkin, Yaroslav"]
[Black "Zhou, Aiden"]
[Result "1-0"]
[WhiteElo "2037"]
[BlackElo "1852"]
[PlyCount "111"]
[EventDate "2016.02.06"]
[EventType "swiss"]
[EventRounds "6"]
[EventCountry "CAN"]
[SourceTitle "EXT 2022"]
[Source "ChessBase"]
[SourceDate "2021.10.06"]
[SourceVersion "1"]
[SourceVersionDate "2021.10.06"]
[SourceQuality "1"]

1. d4 Nf6 2. c4 Nc6 3. Nf3 e6 4. Bg5 d5 5. Nc3 Bb4 6. e3 h6 7. Bxf6 Qxf6 8. Qb3 Bxc3+ 9. Qxc3 0-0 10. Be2 Bd7 11. 0-0 Qe7 12. a3 a6 13. b4 dxc4 14. Bxc4 b5 15. Bd3 Rac8 16. Be4 Qd6 17. Rac1 Nd8 18. Ne5 f6 19. Ng6 Re8 20. Bb1 Bc6 21. Qc2 f5 22. Qc5 Qxc5 23. Rxc5 Bd5 24. Rfc1 c6 25. Ne5 Re7 26. Bxf5 Nb7 27. Rxd5 Rcc7 28. Bxe6+ Rxe6 29. Rd7 Rxd7 30. Nxd7 Rd6 31. Nc5 Nxc5 32. Rxc5 Kf7 33. Kf1 Ke6 34. Ke2 Kd7 35. Kd3 Rd5 36. Rxd5+ cxd5 37. e4 Ke6 38. f4 g6 39. g4 dxe4+ 40. Kxe4 h5 41. f5+ Kf6 42. fxg6 hxg4 43. Kf4 g3 44. hxg3 Kxg6 45. Ke5 Kf7 46. d5 Ke7 47. d6+ Kd7 48. Kd5 a5 49. bxa5 b4 50. axb4 Kd8 51. Kc6 Kc8 52. a6 Kb8 53. d7 Ka8 54. d8Q+ Ka7 55. Qb6+ Ka8 56. Qb7# 1-0

[Event "British Columbia-op"]
[Site "Richmond"]
[Date "2016.02.06"]
[Round "1.2"]
[White "Sohal, Tanraj"]
[Black "Horiachkin, Yaroslav"]
[Result "1-0"]
[WhiteElo "2382"]
[BlackElo "2037"]
[PlyCount "75"]
[EventDate "2016.02.06"]
[EventType "swiss"]
[EventRounds "6"]
[EventCountry "CAN"]
[SourceTitle "EXT 2022"]
[Source "ChessBase"]
[SourceDate "2021.10.06"]
[SourceVersion "1"]
[SourceVersionDate "2021.10.06"]
[SourceQuality "1"]

1. d4 d5 2. c4 e6 3. Nc3 Nf6 4. cxd5 exd5 5. Bg5 Be7 6. e3 c6 7. Bd3 0-0 8. Qc2 h6 9. Bh4 Be6 10. Nf3 Nbd7 11. 0-0 Rc8 12. Rab1 a6 13. Na4 Bg4 14. Nd2 g5 15. Bg3 Nh5 16. b4 Nxg3 17. hxg3 Kg7 18. Nc5 Qc7 19. Bf5 Bxf5 20. Qxf5 Nf6 21. Nf3 Rce8 22. Ne5 Bd6 23. f4 gxf4 24. gxf4 Bxc5 25. bxc5 Ne4 26. Qg4+ Kh7 27. Qd7 Re7 28. Qf5+ Kg7 29. Rf3 Rg8 30. Rh3 Re6 31. Rh4 Kf8 32. Qh3 Rg3 33. Qh2 Kg7 34. f5 Rxe5 35. dxe5 Rxe3 36. Qf4 Rg3 37. Qxh6+ Kg8 38. Qh8# 1-0